| 000 | 00858nac a22002171u 4500 | ||
|---|---|---|---|
| 010 | _a 00456319 | ||
| 020 | _a0333606833 (pbk.) | ||
| 035 | _a(OCoLC)ocm41594743 | ||
| 082 | 0 | 0 |
_a621.3815 _bA4251 |
| 090 |
_c4063 _d4063 |
||
| 100 | _aAllen, B.W. | ||
| 245 | 1 | 0 |
_aAnalogue electronics: For Higher Education / _cB.W.Allen. |
| 260 |
_aLondon : _bMacmillan,1995 _cC1995.. |
||
| 300 |
_a247 p. : _bill. ; _c25 cm. |
||
| 650 | 0 | _aElectronic circuits. | |
| 650 | 0 | _aAnalog electronic systems. | |
| 856 | 4 | 2 |
_3Publisher description _uhttp://www.loc.gov/catdir/description/els031/00456319.html |
| 856 | 4 | 2 |
_3Table of contents _uhttp://www.loc.gov/catdir/toc/els031/00456319.html |
| 942 |
_cBB _k621.3815A4251 |
||
| 999 |
_c4063 _d4063 |
||